History Quiz

Random History or Art Quiz

Hand-Drawn History VIII Quiz Stats

 Plays Quiz Updated Mar 10, 2018

Challenge
Share
Tweet
Score 0/30 Timer 08:00
3 Plays Today
% Correct
Napoléon Bonaparte retreats from Russia.
94.2%
Rosa Parks refuses to give up her seat.
93.6%
Mark Twain publishes 'The Adventures of Tom Sawyer.'
93.3%
The BSE Crisis leads to worldwide export ban on British beef.
89.3%
Babe Ruth hits a record 60 home runs in a single season.
88.8%
Abolition of capital punishment for murder in Great Britain.
88.5%
Henry VIII breaks with Rome.
88.1%
Levi Strauss patents his denim workwear.
87.1%
First election with universal suffrage held in South Africa.
86%
Students riot in Paris.
85.8%
A Christmas truce is observed along sections of the Western Front.
84.8%
33 miners freed in Chile.
82.2%
Captain James Cook killed in Hawaii.
79%
Pickett's Charge takes place during the Battle of Gettysburg.
78%
The 4th Earl of Sandwich invents the sandwich.
77%
% Correct
Geoffrey Chaucer writes the Canterbury Tales.
76.6%
Rome becomes a republic.
73.8%
The Terracotta Army is constructed.
72.3%
Concorde takes its maiden flight.
71.7%
Saint Thomas Aquinas writes the 'Summa Theologiae.'
58.4%
'Swan Lake' Pyotr Ilyich Tchaikovsky premieres.
58%
Krakatoa erupts.
57.3%
Queen Nefertiti reigns in Egypt.
55.6%
The Black Dahlia murder.
50.8%
Ludwig II of Bavaria builds Neuschwanstein Castle.
45.4%
Boudica rises up against Roman rule.
39.4%
Development of cuneiform script in Sumer.
29.8%
The Second Defenestration of Prague precipitates the Thirty Years' War.
29.6%
Babur founds the Mughal Empire in the Indian subcontinent.
28.1%
Sappho of Lesbos becomes a prolific lyrical poet.
24.9%

You're not logged in!

Compare scores with friends on all Sporcle quizzes.
OR
Log In

You Might Also Like...

Show Comments

Extras

Top Quizzes Today


Score Distribution

Your Account Isn't Verified!

In order to create a playlist on Sporcle, you need to verify the email address you used during registration. Go to your Sporcle Settings to finish the process.

Report this User

Report this user for behavior that violates our Community Guidelines.

Details: